| 000 | 00606nam a2200241Ia 4500 | ||
|---|---|---|---|
| 008 | 160517s9999 xx 000 0 und d | ||
| 020 | _a81-242-0419-5 | ||
| 050 | _aComSc QA 75.5 | ||
| 050 | _b.M33 2004 | ||
| 100 | _aMcDowell, Steve. | ||
| 245 | _a500 computing tips for trainers / | ||
| 245 | _cSteve McDowell, Phil Race. | ||
| 260 | _aNew Delhi : | ||
| 260 | _bCrest Pub. House., | ||
| 260 | _c2004 | ||
| 300 | _a148 pages : | ||
| 300 | _bill. ; | ||
| 300 | _c24 cm. | ||
| 500 | _aIncludes index. | ||
| 650 | _aComputer. | ||
| 650 | _aEmployees -- Training of. | ||
| 650 | _xTraining. | ||
| 999 |
_c294200 _d294200 |
||